Kovmi katalyzované cyklizácie v syntéze prírodných látok dizertačná práca

Salvato in:
Dettagli Bibliografici
Autore principale: Mathia, František
Natura: Libro
Lingua:slovacco
Pubblicazione: Bratislava STU FCHPT 2013
Accesso online:Visualizza in OPAC
Tags: Aggiungi Tag
Nessun Tag, puoi essere il primo ad aggiungerne!!

MARC

LEADER 00000nam a2200000 a 4500
005 20260127134029.0
008 150223 2013 000 0 slo d
035 |a vtls010656425 
039 9 |y 201502231205  |z mschk03 
040 |a STUSCHK1  |b slo  |c STUSCHK1  |e AACR2 
100 1 |a Mathia, František 
245 1 |a Kovmi katalyzované cyklizácie v syntéze prírodných látok  |b dizertačná práca  |c František Mathia 
260 |a Bratislava  |b STU FCHPT  |c 2013 
300 |a 123 s.  |b il.  |c 30 cm 
500 |a Študijný program a odbor: organická chémia 
500 |a Školiace pracovisko: Odd. organickej chémie 
910 |a SCHK95 
999 |c 2425  |d 2425